Countries of the World - Four Minute Sprint - Statistics

General Stats
  • This quiz has been taken 36,932 times
    34,620 since last reset
  • The average score is 98 of 196
Answers on the Map
Answers color-coded by a green-red scale on the quiz's map according to % correct below.
 
Answer Stats
country % Correct
United States
94%
Canada
92%
Russia
91%
China
89%
Mexico
88%
Brazil
87%
France
87%
United Kingdom
87%
Spain
84%
Germany
82%
India
82%
Italy
82%
Australia
81%
Japan
80%
Argentina
77%
Portugal
75%
Sweden
75%
Chile
74%
Finland
74%
Iceland
74%
Ireland
74%
Norway
74%
Peru
72%
Denmark
70%
Egypt
70%
Poland
70%
Turkey
68%
Colombia
66%
Cuba
66%
Greece
66%
Iran
66%
Ukraine
65%
Mongolia
64%
South Korea
64%
Iraq
63%
Bolivia
62%
North Korea
62%
Panama
62%
Indonesia
61%
Austria
60%
South Africa
60%
Uruguay
60%
Venezuela
60%
Belgium
59%
Niger
59%
Pakistan
59%
Paraguay
59%
Morocco
58%
New Zealand
58%
Saudi Arabia
58%
Netherlands
57%
Oman
57%
Thailand
57%
Algeria
56%
Ecuador
56%
Romania
56%
Yemen
56%
Belarus
55%
Estonia
55%
Haiti
55%
Kazakhstan
55%
Latvia
55%
Switzerland
55%
Vietnam
55%
Democratic Republic of the Congo
54%
United Arab Emirates
54%
Jamaica
53%
Madagascar
53%
Nepal
53%
Nigeria
53%
Afghanistan
52%
Chad
52%
Libya
52%
Lithuania
52%
Sudan
52%
Bulgaria
51%
Costa Rica
51%
Guatemala
51%
Hungary
51%
Israel
51%
Laos
51%
Albania
50%
Bahamas
50%
Congo
50%
Croatia
50%
Dominica
50%
Dominican Republic
50%
Guyana
50%
Honduras
50%
Philippines
50%
Serbia
50%
Syria
50%
Malaysia
49%
Slovakia
49%
Tunisia
49%
Belize
48%
Mali
48%
Myanmar
48%
Suriname
48%
Bosnia and Herzegovina
47%
Cambodia
47%
Czechia
47%
El Salvador
47%
Jordan
47%
Nicaragua
47%
Slovenia
47%
Bhutan
46%
Somalia
46%
Sri Lanka
46%
Andorra
45%
Armenia
45%
Bangladesh
45%
Ethiopia
45%
Kenya
45%
Qatar
45%
Taiwan
45%
Malta
44%
Angola
43%
Cyprus
43%
Georgia
43%
Ghana
43%
Lebanon
43%
Moldova
43%
Monaco
43%
Papua New Guinea
43%
South Sudan
43%
Vatican City
43%
Central African Republic
42%
Fiji
42%
Kosovo
42%
Luxembourg
42%
Kuwait
41%
Togo
41%
Azerbaijan
40%
Bahrain
40%
Barbados
40%
Singapore
40%
Uzbekistan
40%
Montenegro
39%
Namibia
39%
San Marino
39%
Benin
38%
Brunei
38%
Turkmenistan
38%
Zambia
38%
Eritrea
37%
Guinea
37%
Maldives
37%
Mauritania
37%
Tanzania
37%
Antigua and Barbuda
36%
Saint Kitts and Nevis
36%
Saint Lucia
36%
Tajikistan
36%
Tonga
36%
Uganda
36%
Zimbabwe
36%
Botswana
35%
Cameroon
35%
Gabon
35%
Grenada
35%
Kyrgyzstan
35%
Malawi
35%
Palau
35%
Samoa
35%
Senegal
35%
Trinidad and Tobago
35%
Kiribati
34%
Lesotho
34%
Liechtenstein
34%
Nauru
34%
Rwanda
34%
Saint Vincent and the Grenadines
34%
Gambia
33%
Liberia
33%
Mozambique
33%
Timor-Leste
33%
Tuvalu
33%
Comoros
32%
Djibouti
32%
Vanuatu
32%
Burundi
31%
Mauritius
31%
Micronesia
31%
North Macedonia
31%
Seychelles
31%
Cabo Verde
30%
Eswatini
30%
São Tomé and Príncipe
29%
Côte d'Ivoire
28%
Guinea-Bissau
28%
Burkina Faso
27%
Marshall Islands
26%
Solomon Islands
26%
Sierra Leone
25%
Equatorial Guinea
22%
No matching quizzes found
Score Distribution
Percent of People with Each Score
Percentile by Number Answered
Your Score History
You have not taken this quiz since the last reset